000 00857nam a2200241Ia 4500
003 OSt
005 20220926013527.0
006 a|||||r|||| 00| 0
007 ta
008 220923b |||||||| |||| 00| 0 eng d
037 _cGeneral Book
040 _aRTL
_cRTL
_beng
041 _2eng
_aeng
082 _aX755:(Z,3), H9.81-1
110 _aInternational Bank for Reconstruction and Development and Empresa Agua Dora De Managua
_9318484
245 0 _aAgreement amending loan agreement
_b Second manague
260 _aNew York
_bInternational Bank for Reconstruction and Development U S A
_c1973
300 _a8p.
_ccm.
650 _aForeign Loan
700 _aInternational Bank for Reconstruction and Development and Empresa Agua Dora De Managua
_9318485
942 _hX755:(Z,3), H9.81-1
_cGB
_2CC
999 _c626138
_d626138